000 00306nam a22001337a 4500
008 181015b xxu||||| |||| 00| 0 eng d
020 _a9780078024351
041 _aeng
080 _a616-053.2
100 _a8
101 _aPED
245 _aInfants, Toddlers and Caregivers
_cMena, J.G
942 _2udc
_cBK
999 _c49714
_d49714